| 000 | 00911cam a22002894a 4500 | ||
|---|---|---|---|
| 999 |
_c4889 _d4889 |
||
| 001 | 14164487 | ||
| 003 | OSt | ||
| 005 | 20200207170342.0 | ||
| 008 | 051103s2006 nyua 001 0 eng | ||
| 010 | _a 2005056901 | ||
| 020 | _a0443073031 | ||
| 035 | _a(DLC)2005056901 | ||
| 035 | _a(DLC)2113 | ||
| 040 |
_aDLC _cDLC _dDLC |
||
| 042 | _apcc | ||
| 082 | _aWB105 C61m 2006 | ||
| 100 | 1 |
_aChew, Shern L.; Leslie, David _910505 |
|
| 245 | 1 | 0 |
_aClinical Endocrinology and Diabetes: _ban illustrated colour text |
| 260 |
_aNew York; _bChurchill Livingstone, _c2006. |
||
| 300 |
_avii, 112 p. : _bcol.ill; _c30 cm. |
||
| 500 | _aIncludes index. | ||
| 650 | 0 |
_aEndocrinology. _92229 |
|
| 650 | 0 |
_aDiabetes. _92432 |
|
| 906 |
_a7 _bcbc _corignew _d1 _eocip _f20 _gy-gencatlg |
||
| 942 |
_2z _cO_SHELF |
||